| 000 | 00652nam a22002297a 4500 | ||
|---|---|---|---|
| 999 |
_c7452 _d7452 |
||
| 001 | 21059 | ||
| 003 | BD-DhUAP | ||
| 005 | 20210123111247.0 | ||
| 008 | 210123s1987 nyua|||| |||| 001 0 eng d | ||
| 020 | _a0443030898 | ||
| 040 |
_aBD-DhUAP _bEng _cBD-DhUAP _dBD-DhUAP |
||
| 082 |
_223 _a616.07 WAL |
||
| 100 | _aWalter, John Brian. | ||
| 245 |
_aGeneral pathology / _cJohn Brian Walter and Martin Israel. |
||
| 250 | _a6th ed. | ||
| 260 |
_aEdinburgh : _bChurchill Livingstone, _cc1987. |
||
| 300 |
_ax, 739 pages : _billustrations ; _c28 cm. |
||
| 500 | _aIncludes index. | ||
| 650 | _aPathology. | ||
| 700 | _aIsrael, Martin. | ||
| 942 |
_2ddc _cBK |
||